[Event "Veletrzni turnaj 2020"]
[Site "Brno"]
[Date "2020.08.28"]
[Round "7.17"]
[White "Lukas, Ondrej"]
[Black "Neduchal, Jiri"]
[Result "0-1"]
[WhiteElo "1393"]
[BlackElo "1749"]
[PlyCount "99"]
[EventDate "2020.08.23"]

1. d4 b6 2. e4 Bb7 3. Bd3 e6 4. Nf3 Nf6 5. Qe2 Be7 6. O-O c5 7. c3 c4 8. Bc2 d5
9. e5 Nfd7 10. Be3 Nc6 11. Nbd2 b5 12. Ne1 Qb6 13. Qg4 g6 14. Bg5 b4 15. Bxe7
Nxe7 16. Rb1 a5 17. Ba4 Bc6 18. Bxc6 Qxc6 19. Qf4 h5 20. Nef3 Qa4 21. Ra1 Qc2
22. cxb4 axb4 23. Rfb1 Qf5 24. Qxf5 Nxf5 25. Rc1 Ke7 26. Kf1 Nb8 27. Nb1 Nc6
28. Rd1 Ra7 29. Ke2 g5 30. Kf1 g4 31. Ne1 Nfxd4 32. f3 gxf3 33. gxf3 Nf5 34.
Ke2 Nxe5 35. Nc2 b3 36. axb3 Rxa1 37. Nxa1 cxb3 38. Nxb3 Rb8 39. N1d2 Nc4 40.
Rb1 Kd6 41. Kd3 Nxd2 42. Nxd2 e5 43. Ke2 Nd4+ 44. Ke3 Nb3 45. Nxb3 Rxb3+ 46.
Kf2 f5 47. Ke2 e4 48. Kf2 Kc5 49. Ke2 h4 50. Kf2 0-1

[Event "Veletrzni turnaj 2020"]
[Site "Brno"]
[Date "2020.08.28"]
[Round "7.18"]
[White "Blazek, Pavel"]
[Black "Marcik, Filip"]
[Result "0-1"]
[WhiteElo "1740"]
[BlackElo "1264"]
[PlyCount "100"]
[EventDate "2020.08.23"]

1. e4 e5 2. Nc3 Nf6 3. Bc4 Nc6 4. d3 Bb4 5. Nf3 h6 6. O-O d6 7. Nd5 Nxd5 8.
Bxd5 Ne7 9. Bb3 Be6 10. c3 Bc5 11. d4 Bxb3 12. Qxb3 exd4 13. cxd4 Bb6 14. Bf4
O-O 15. a4 Nc6 16. d5 Na5 17. Qc2 c5 18. Nd2 Qf6 19. Bg3 Rfe8 20. Ra3 Rac8 21.
Rf3 Qe7 22. Bf4 f6 23. Rg3 g5 24. Be3 Kh8 25. f4 Rf8 26. Rh3 Kg7 27. fxg5 fxg5
28. Qc3+ Kg6 29. Rf5 Rxf5 30. exf5+ Kh7 31. Qc2 Kg8 32. Ne4 Re8 33. Rxh6 Qxe4
34. Qxe4 Rxe4 35. Bxg5 c4+ 36. Kf1 Be3 37. Rg6+ Kf7 38. Bd8 Rf4+ 39. Ke2 Bb6
40. Rf6+ Ke8 41. Bxb6 axb6 42. Re6+ Kf7 43. Rxd6 Rxf5 44. Ke3 c3 45. Ke4 c2 46.
Rd7+ Kf6 47. Rc7 Nc6 48. dxc6 c1=Q 49. Rc8 Qc4+ 50. Ke3 Qe6+ 0-1

[Event "Veletrzni turnaj 2020"]
[Site "Brno"]
[Date "2020.08.28"]
[Round "7.19"]
[White "Karafiat, Vojtech"]
[Black "Lisik, Miroslav"]
[Result "0-1"]
[WhiteElo "1179"]
[BlackElo "1687"]
[PlyCount "32"]
[EventDate "2020.08.23"]

1. d4 Nf6 2. Bf4 c5 3. d5 b5 4. Nc3 Qa5 5. a4 b4 6. Nb5 d6 7. c3 a6 8. cxb4
cxb4 9. Qc1 Kd8 10. Nd4 Qxd5 11. Ngf3 Bb7 12. e3 Qa5 13. b3 Nbd7 14. Bd3 e5 15.
Bg5 e4 16. Bxf6+ Nxf6 0-1

[Event "Veletrzni turnaj 2020"]
[Site "Brno"]
[Date "2020.08.28"]
[Round "7.20"]
[White "Hayrumyan, Artur"]
[Black "Dvorakova, Olga"]
[Result "0-1"]
[WhiteElo "1481"]
[BlackElo "1758"]
[PlyCount "87"]
[EventDate "2020.08.23"]

1. e4 c6 2. d4 d5 3. Nc3 dxe4 4. Nxe4 Bf5 5. Nc5 Qc7 6. Qf3 e6 7. Bf4 Bd6 8.
Bxd6 Qxd6 9. c3 b6 10. Ne4 Qc7 11. Nh3 Nd7 12. g4 Bg6 13. Nf4 Ngf6 14. Nxf6+
Nxf6 15. Nxg6 hxg6 16. Bb5 Rc8 17. Bd3 Nd5 18. O-O-O Qf4+ 19. Qxf4 Nxf4 20. Bc2
g5 21. Rde1 Ke7 22. Kb1 Rh4 23. f3 Rch8 24. Be4 Kd6 25. c4 Rxh2 26. Rxh2 Rxh2
27. c5+ Kc7 28. cxb6+ axb6 29. Rc1 Nd5 30. a3 Kd7 31. Rd1 g6 32. Rd3 f5 33.
Bxd5 exd5 34. Re3 fxg4 35. fxg4 Rg2 36. b4 Rxg4 37. Re5 Rg2 38. Kc1 Kd6 39. Re8
Rf2 40. Re3 g4 41. Kd1 Rf4 42. Rd3 Rf3 43. Ke2 Rxd3 44. Kxd3 0-1

[Event "Veletrzni turnaj 2020"]
[Site "Brno"]
[Date "2020.08.28"]
[Round "7.21"]
[White "Lazniewska, Zofia"]
[Black "Doskar, Miloslav"]
[Result "1-0"]
[WhiteElo "1217"]
[BlackElo "1602"]
[PlyCount "93"]
[EventDate "2020.08.23"]

1. e4 e5 2. Nf3 Nc6 3. Nc3 Nf6 4. Bb5 d6 5. d4 exd4 6. Nxd4 Bd7 7. Bxc6 bxc6 8.
Qf3 c5 9. Nf5 Bxf5 10. exf5 Rb8 11. b3 Be7 12. Bb2 O-O 13. O-O-O Re8 14. g4 Nd7
15. Kb1 Bf6 16. h4 Ne5 17. Qg3 Nc6 18. g5 Be5 19. f4 Bd4 20. Qg2 Ne7 21. f6 Nf5
22. Nd5 Bxb2 23. Kxb2 c6 24. Ne7+ Nxe7 25. fxe7 Qxe7 26. Qxc6 Rb6 27. Qd5 Qc7
28. Rhe1 Kf8 29. Rxe8+ Kxe8 30. Re1+ Kf8 31. Re4 Rb4 32. Rxb4 cxb4 33. Qa8+ Ke7
34. Qe4+ Kd7 35. Qxb4 Qc6 36. Qd4 a5 37. Qa7+ Ke6 38. Qxa5 d5 39. Qc3 Qd6 40.
Qxg7 Qxf4 41. Qf6+ Qxf6+ 42. gxf6 Kxf6 43. a4 Ke6 44. a5 Kd6 45. a6 Kc6 46. Kc3
Kb6 47. Kd4 1-0

[Event "Veletrzni turnaj 2020"]
[Site "Brno"]
[Date "2020.08.28"]
[Round "7.22"]
[White "Soucek, Andrej"]
[Black "Kacalek, Tomas"]
[Result "1-0"]
[WhiteElo "1098"]
[BlackElo "1589"]
[PlyCount "119"]
[EventDate "2020.08.23"]

1. e4 d6 2. d4 g6 3. Nf3 Bg7 4. Nc3 Nf6 5. Bc4 O-O 6. O-O c6 7. d5 Nbd7 8. Bf4
Qc7 9. Re1 cxd5 10. Bxd5 h6 11. e5 Nxd5 12. Qxd5 dxe5 13. Bxe5 Nxe5 14. Nxe5
Be6 15. Qe4 Rad8 16. Nxg6 Rd4 17. Qe3 Rg4 18. Nxf8 Kxf8 19. Qf3 Rg6 20. Nd5 Qa5
21. Nf4 Rf6 22. Nxe6+ fxe6 23. Qc3 Qb6 24. Qe3 Qa5 25. Rad1 Qxa2 26. Rd8+ Kf7
27. Qb3 Qa5 28. Rdd1 Qc5 29. Re3 h5 30. Rf3 Qc6 31. Rxf6+ Bxf6 32. Qf3 Qxf3 33.
gxf3 Bxb2 34. Rb1 Bd4 35. Rxb7 e5 36. c3 Bc5 37. Rb5 Bd6 38. Ra5 Bb8 39. Kg2
Ke6 40. Kg3 Kd6 41. Kh4 Kc6 42. Kxh5 Kb6 43. Ra1 a5 44. h4 e4 45. fxe4 Be5 46.
Rb1+ Ka6 47. Kg6 a4 48. Ra1 Ka5 49. Ra3 Bd6 50. Ra1 a3 51. h5 Ka4 52. h6 Kb3
53. h7 Be5 54. Kf7 Kb2 55. Rh1 a2 56. Kg8 Bxc3 57. h8=Q Bxh8 58. Kxh8 a1=Q 59.
Rxa1 Kxa1 60. e5 1-0

[Event "Veletrzni turnaj 2020"]
[Site "Brno"]
[Date "2020.08.28"]
[Round "7.23"]
[White "Hradek, Matyas"]
[Black "Divis, Jan"]
[Result "1-0"]
[WhiteElo "1578"]
[BlackElo "1431"]
[PlyCount "94"]
[EventDate "2020.08.23"]

1. e4 d5 2. exd5 Qxd5 3. Nc3 Qa5 4. d4 Nf6 5. Nf3 c6 6. Bd2 Qc7 7. Bd3 Bg4 8.
h3 Bh5 9. O-O Nbd7 10. Re1 e6 11. a4 Bg6 12. Ne4 Nxe4 13. Bxe4 Nf6 14. Bxg6
hxg6 15. c4 Bd6 16. b4 O-O 17. Ne5 a6 18. f4 Bxe5 19. dxe5 Nd7 20. a5 Rfd8 21.
Qc2 Nf8 22. Be3 Rd7 23. Bb6 Qc8 24. Bc5 Qe8 25. Bd6 Rad8 26. c5 Rc8 27. Ra3 Qd8
28. Rg3 Nh7 29. Qc1 Qe8 30. Rf1 Qd8 31. Rff3 Qh4 32. Rg4 Qh5 33. Qc2 Qf5 34.
Qxf5 exf5 35. Rgg3 Re8 36. h4 Re6 37. Kf2 Nf8 38. Rd3 Re8 39. Rh3 Ne6 40. g3
Red8 41. Kf3 Nc7 42. h5 Nb5 43. hxg6 Nxd6 44. cxd6 fxg6 45. Rh2 Kf7 46. g4 Ke6
47. gxf5+ gxf5 1-0

[Event "Veletrzni turnaj 2020"]
[Site "Brno"]
[Date "2020.08.28"]
[Round "7.24"]
[White "Peska, Jan"]
[Black "Nisztuk, Michal"]
[Result "1-0"]
[WhiteElo "1359"]
[BlackElo "1597"]
[PlyCount "42"]
[EventDate "2020.08.23"]

1. c4 e5 2. Nc3 Nf6 3. d3 d5 4. cxd5 Nxd5 5. g3 c6 6. Bg2 Bg4 7. Qa4 Nb4 8. a3
b5 9. Qd1 Qa5 10. h3 Be6 11. Bd2 N4a6 12. Nf3 Qc7 13. Ng5 Qb7 14. Nxe6 fxe6 15.
O-O Nd7 16. Ne4 Nf6 17. Qb3 Qd7 18. Qc2 Rc8 19. b4 c5 20. Nxf6+ gxf6 21. Rac1
Rc7 1-0

[Event "Veletrzni turnaj 2020"]
[Site "Brno"]
[Date "2020.08.28"]
[Round "7.25"]
[White "Vojtek, Pavel"]
[Black "Ulcak, Michael"]
[Result "1/2-1/2"]
[WhiteElo "1352"]
[BlackElo "1552"]
[PlyCount "37"]
[EventDate "2020.08.23"]

1. e4 e5 2. Nf3 Nc6 3. Bb5 Nf6 4. O-O Nxe4 5. Bxc6 dxc6 6. Re1 Nd6 7. Nxe5 Be7
8. d4 O-O 9. Bf4 Nf5 10. c3 Re8 11. Nd3 b6 12. Nd2 c5 13. Qf3 Ba6 14. Be5 Qd7
15. Rad1 Rad8 16. Bxc7 Nxd4 17. Qg3 Nf5 18. Qf4 Qxd3 19. Bxd8 1/2-1/2

[Event "Veletrzni turnaj 2020"]
[Site "Brno"]
[Date "2020.08.28"]
[Round "7.29"]
[White "Daniel, Antonin"]
[Black "Sauman, Petr"]
[Result "1-0"]
[WhiteElo "1379"]
[BlackElo "1387"]
[PlyCount "37"]
[EventDate "2020.08.23"]

1. e4 c5 2. Nf3 d6 3. h3 Nc6 4. Nc3 Nf6 5. Bc4 e6 6. a3 a6 7. d3 Be7 8. O-O O-O
9. Be3 d5 10. exd5 exd5 11. Nxd5 Nxd5 12. Qe2 Nxe3 13. Qxe3 Re8 14. Rae1 Bd7
15. Qd2 b5 16. Bd5 Rc8 17. Qf4 Bf6 18. Be4 Bxb2 19. Ng5 1-0

[Event "Veletrzni turnaj 2020"]
[Site "Brno"]
[Date "2020.08.28"]
[Round "7.30"]
[White "Tokabayev, Alibek"]
[Black "Barak, David"]
[Result "0-1"]
[WhiteElo "1896"]
[BlackElo "2098"]
[PlyCount "56"]
[EventDate "2020.08.23"]

1. d4 Nf6 2. Nf3 c5 3. d5 b5 4. c4 g6 5. cxb5 a6 6. bxa6 d6 7. e4 Bxa6 8. Bxa6
Qa5+ 9. Nc3 Qxa6 10. Qc2 Bg7 11. Ne2 O-O 12. O-O Nbd7 13. h3 Rfb8 14. Nc3 Rb4
15. Rb1 Ne8 16. Bg5 Kf8 17. a3 Rb7 18. Qd2 Ne5 19. Nxe5 Bxe5 20. Kh1 Qc4 21. f4
Bd4 22. Bh6+ Kg8 23. Ne2 Bh8 24. Ng3 Rab8 25. f5 Rxb2 26. Rxb2 Rxb2 27. Qa5 Qb5
28. Qd8 Bf6 0-1

[Event "Veletrzni turnaj 2020"]
[Site "Brno"]
[Date "2020.08.28"]
[Round "7.31"]
[White "Brda, Vlastimil"]
[Black "Komarek, Tobias"]
[Result "0-1"]
[WhiteElo "1211"]
[BlackElo "1222"]
[PlyCount "72"]
[EventDate "2020.08.23"]

1. e4 e5 2. d3 Bc5 3. Nf3 Nc6 4. c3 d5 5. Qa4 h6 6. Nbd2 Nf6 7. Nb3 Bb6 8. h3
O-O 9. Bd2 dxe4 10. dxe4 a6 11. Rd1 Qe7 12. Nc1 Be6 13. Bd3 Rad8 14. O-O Nd7
15. a3 Nc5 16. Qc2 Rxd3 17. Nxd3 Bb3 18. Qb1 Bxd1 19. Qxd1 Nxd3 20. Qc2 Nc5 21.
b4 Nd7 22. c4 Nd4 23. Nxd4 Bxd4 24. Qd3 b6 25. Be3 Bxe3 26. Qxe3 Qe6 27. Rc1 c5
28. b5 a5 29. a4 Ra8 30. Qf3 Nf6 31. g4 Qd6 32. Kg2 Qd2 33. Kg3 Qxc1 34. g5
hxg5 35. h4 gxh4+ 36. Kxh4 Qxc4 0-1

[Event "Veletrzni turnaj 2020"]
[Site "Brno"]
[Date "2020.08.29"]
[Round "8.1"]
[White "Vyskocil, Neklan"]
[Black "Pokorny, Petr"]
[Result "1/2-1/2"]
[WhiteElo "2294"]
[BlackElo "2215"]
[PlyCount "20"]
[EventDate "2020.08.23"]

1. e4 e5 2. Nf3 Nf6 3. Nxe5 d6 4. Nf3 Nxe4 5. Nc3 Nxc3 6. dxc3 Be7 7. Be3 O-O
8. Qd2 Nc6 9. O-O-O Ne5 10. Kb1 Nxf3 1/2-1/2

[Event "Veletrzni turnaj 2020"]
[Site "Brno"]
[Date "2020.08.29"]
[Round "8.2"]
[White "Glozar, Petr"]
[Black "Meszaros, Ludek"]
[Result "1/2-1/2"]
[WhiteElo "2010"]
[BlackElo "2067"]
[PlyCount "138"]
[EventDate "2020.08.23"]

1. d4 Nf6 2. c4 g6 3. Nc3 Bg7 4. e4 d6 5. Nf3 O-O 6. Be2 Nbd7 7. O-O e5 8. Re1
c6 9. Bf1 exd4 10. Nxd4 Re8 11. Bg5 Qa5 12. Bf4 Ne5 13. Nb3 Qc7 14. Rc1 Bg4 15.
f3 Be6 16. Nd5 Qd8 17. Nxf6+ Bxf6 18. Qd2 Qe7 19. Red1 Rad8 20. Qf2 b6 21. Nd4
Bd7 22. a3 c5 23. Ne2 Be6 24. b3 b5 25. Ng3 bxc4 26. Bxc4 Bxc4 27. bxc4 Rb8 28.
Qd2 Red8 29. Kh1 Rb3 30. Bxe5 Bxe5 31. f4 Rb2 32. Qe3 Bd4 33. Qf3 Rdb8 34. Ne2
Bg7 35. h3 f5 36. Ng3 R8b3 37. Rd3 Qb7 38. Rcd1 Bd4 39. exf5 Rxd3 40. Rxd3 Rb1+
41. Kh2 Bg1+ 42. Kh1 Be3+ 43. Kh2 Qxf3 44. gxf3 Bxf4 45. h4 gxf5 46. Kh3 Kf7
47. Nxf5 Ke6 48. Ng7+ Kd7 49. Nh5 Be5 50. f4 Bd4 51. f5 Rc1 52. Rb3 Rxc4 53.
Rb7+ Kc6 54. Rxh7 Rc3+ 55. Kg4 c4 56. f6 Bxf6 57. Nxf6 Rxa3 58. Ne4 d5 59. Rh6+
Kb5 60. Rh5 Kc6 61. Rh6+ Kc7 62. Rh7+ Kd8 63. Nd6 c3 64. Nb7+ Ke8 65. Nd6+ Kf8
66. Rf7+ Kg8 67. Rc7 d4 68. Kg5 Ra6 69. Ne4 Ra1 1/2-1/2

[Event "Veletrzni turnaj 2020"]
[Site "Brno"]
[Date "2020.08.29"]
[Round "8.3"]
[White "Tajovsky, Matej"]
[Black "Mares, Jaroslav"]
[Result "1-0"]
[WhiteElo "1816"]
[BlackElo "1947"]
[PlyCount "53"]
[EventDate "2020.08.23"]

1. e4 e6 2. d4 d5 3. Nd2 Nf6 4. e5 Nfd7 5. f4 c5 6. c3 Nc6 7. Ndf3 Qb6 8. g3
cxd4 9. cxd4 Bb4+ 10. Kf2 f6 11. Kg2 f5 12. Be3 Be7 13. b3 Nf8 14. h3 Bd7 15.
Bd3 Ba3 16. g4 g6 17. gxf5 exf5 18. h4 Ne6 19. Ne2 O-O-O 20. b4 Bxb4 21. Rb1
Qc7 22. Qa4 Ba5 23. Rhc1 Kb8 24. Bb5 Ka8 25. Nc3 Bxc3 26. Rxc3 Qa5 27. Bxc6 1-0

[Event "Veletrzni turnaj 2020"]
[Site "Brno"]
[Date "2020.08.29"]
[Round "8.4"]
[White "Lukas, Frantisek"]
[Black "Pokladnik, Martin"]
[Result "1/2-1/2"]
[WhiteElo "1849"]
[BlackElo "2001"]
[PlyCount "60"]
[EventDate "2020.08.23"]

1. d4 Nf6 2. c4 e6 3. Nf3 b6 4. a3 Ba6 5. Qc2 d5 6. cxd5 exd5 7. g3 Bd6 8. Bg2
O-O 9. O-O Re8 10. Re1 h6 11. Nc3 c5 12. b3 Nc6 13. dxc5 bxc5 14. Bb2 Rc8 15.
Na4 Ne5 16. Nxe5 Bxe5 17. Bxe5 Rxe5 18. Nxc5 Nd7 19. b4 Nxc5 20. bxc5 Qe7 21.
e3 d4 22. Qa4 dxe3 23. f4 Re6 24. c6 Bd3 25. Qb4 Rc7 26. Qxe7 Rexe7 27. Rac1
Bb5 28. Rc3 Rc8 29. Rcxe3 Rxe3 30. Rxe3 Bxc6 1/2-1/2

[Event "Veletrzni turnaj 2020"]
[Site "Brno"]
[Date "2020.08.29"]
[Round "8.6"]
[White "Dvoracek, Jan Matyas"]
[Black "Wunsch, Radek"]
[Result "1-0"]
[WhiteElo "1761"]
[BlackElo "1902"]
[PlyCount "101"]
[EventDate "2020.08.23"]

1. e4 Nc6 2. Nf3 e5 3. Bb5 a6 4. Ba4 Nf6 5. d3 Bc5 6. Bxc6 dxc6 7. Nbd2 O-O 8.
O-O Re8 9. Qe2 Nd7 10. Nc4 f6 11. Be3 Bd6 12. Nh4 Nf8 13. Qf3 Be6 14. Nf5 Ng6
15. Kh1 Bf8 16. g4 Qd7 17. Rg1 Ne7 18. Qg3 Nxf5 19. gxf5 Bxc4 20. dxc4 Qf7 21.
b3 Rad8 22. Rad1 Qh5 23. f3 Kf7 24. Qg4 Qxg4 25. fxg4 Bb4 26. Kg2 Rd6 27. Kf3
Red8 28. Ke2 Bc3 29. c5 R6d7 30. Rxd7+ Rxd7 31. Rd1 Rxd1 32. Kxd1 g5 33. Ke2
Bb4 34. Kd3 Ba3 35. c3 Bb2 36. Kc2 Ba3 37. b4 h5 38. h3 hxg4 39. hxg4 Ke7 40.
Kb3 Bxb4 41. cxb4 Kd7 42. Kc4 Ke7 43. a4 Kd7 44. b5 axb5+ 45. axb5 cxb5+ 46.
Kxb5 Ke7 47. c6 b6 48. Bxb6 Kd8 49. Bc5 Ke8 50. Ka6 Kd8 51. Kb7 1-0

[Event "Veletrzni turnaj 2020"]
[Site "Brno"]
[Date "2020.08.29"]
[Round "8.7"]
[White "Marsa, Alexandr"]
[Black "Vavrinkova, Anna"]
[Result "1-0"]
[WhiteElo "1871"]
[BlackElo "1657"]
[PlyCount "29"]
[EventDate "2020.08.23"]

1. d4 d5 2. c4 e5 3. dxe5 d4 4. Nf3 Nc6 5. a3 a5 6. Nbd2 Nge7 7. Nb3 Nf5 8. Bg5
Qd7 9. g4 h6 10. Bc1 Nfe7 11. Nbxd4 Qxg4 12. Nb5 Qd7 13. Qxd7+ Kxd7 14. Be3 Ng6
15. O-O-O+ 1-0

[Event "Veletrzni turnaj 2020"]
[Site "Brno"]
[Date "2020.08.29"]
[Round "8.8"]
[White "Simbera, Jiri"]
[Black "Mencik, Pavel"]
[Result "1-0"]
[WhiteElo "2038"]
[BlackElo "1853"]
[PlyCount "67"]
[EventDate "2020.08.23"]

1. f4 Nh6 2. Nf3 d5 3. e3 g6 4. d4 Bg7 5. c4 c6 6. cxd5 cxd5 7. Nc3 O-O 8. Be2
Bg4 9. Qb3 Qd7 10. Qxd5 Qc8 11. Qb3 Nc6 12. O-O Nf5 13. d5 Na5 14. Qb4 b6 15.
Rd1 Nb7 16. Ne4 Qc2 17. Qc4 Rac8 18. Qxc2 Rxc2 19. Bd3 Bxb2 20. Rb1 Bxc1 21.
Bxc2 Bxe3+ 22. Nf2 Bxf4 23. Nxg4 Nbd6 24. Bxf5 Nxf5 25. g3 Bd6 26. Kh1 h5 27.
Nf2 Ne3 28. Rd3 Bc5 29. Ne4 Ng4 30. h3 f5 31. Nxc5 Nf2+ 32. Kg2 Nxd3 33. Nxd3
Rd8 34. Nde5 1-0

[Event "Veletrzni turnaj 2020"]
[Site "Brno"]
[Date "2020.08.29"]
[Round "8.9"]
[White "Rehurek, Karel"]
[Black "Snorek, Milan"]
[Result "1-0"]
[WhiteElo "1755"]
[BlackElo "1963"]
[PlyCount "87"]
[EventDate "2020.08.23"]

1. e4 e5 2. Nf3 Nf6 3. Nxe5 d6 4. Nf3 Nxe4 5. d3 Nf6 6. d4 d5 7. Bd3 Bd6 8. O-O
O-O 9. Bg5 h6 10. Bh4 Bg4 11. Re1 Nc6 12. Be2 (12. c3 {0,43}) 12... Re8 {-0,42}
13. c3 g5 14. Bg3 Bxg3 15. hxg3 Qd6 16. Nh2 Bxe2 17. Rxe2 Rxe2 18. Qxe2 Re8 19.
Qd1 b5 (19... Qe6 20. Nd2 Qe2 {-0,35}) 20. Na3 a6 21. Nc2 Qe6 22. Ne3 Kg7 23.
g4 Ne7 24. Qf3 Qe4 25. Qe2 Kh8 26. Re1 Ng6 27. Qd2 Nf4 28. f3 Qd3 {-0,78} 29.
Nef1 Rxe1 30. Qxe1 b4 31. Qe7 Kg7 32. Ne3 bxc3 (32... Ng6 {-3,64}) 33. Nf5+ Kg6
(33... Qxf5 34. gxf5 c2 {-4,03}) 34. Qd8 Qd1+ 35. Nf1 Nxg4 {5,65} (35... cxb2 {
-17,91}) 36. fxg4 Qxg4 37. N1e3 Nh3+ 38. Kh2 Qf4+ 39. Kh1 Nf2+ 40. Kg1 g4 41.
Qg8+ Kh5 42. Qxf7+ Kg5 43. Qg8+ Kh5 44. Ng7+ 1-0

[Event "Veletrzni turnaj 2020"]
[Site "Brno"]
[Date "2020.08.29"]
[Round "8.10"]
[White "Pribyl, Rene"]
[Black "Lisik, Miroslav"]
[Result "1/2-1/2"]
[WhiteElo "1950"]
[BlackElo "1687"]
[PlyCount "47"]
[EventDate "2020.08.23"]

1. d4 Nf6 2. c4 c5 3. d5 b5 4. cxb5 a6 5. bxa6 g6 6. Nc3 Bg7 7. e4 O-O 8. Bd2
d6 9. Qc1 Bxa6 10. Bxa6 Nxa6 11. Nge2 Nb4 12. O-O Qb6 13. b3 Nxe4 14. Nxe4 Bxa1
15. Qxa1 Rxa2 16. Qb1 Rfa8 17. N2c3 Ra1 18. Qxa1 Rxa1 19. Rxa1 Qb7 20. f3 Kg7
21. Rd1 h6 22. g4 f6 23. h4 Nc2 24. g5 1/2-1/2

[Event "Veletrzni turnaj 2020"]
[Site "Brno"]
[Date "2020.08.29"]
[Round "8.11"]
[White "Sikora, Lukas"]
[Black "Lazniewski, Tadeusz"]
[Result "1-0"]
[WhiteElo "1946"]
[BlackElo "1392"]
[PlyCount "77"]
[EventDate "2020.08.23"]

1. c4 e6 2. Nc3 d5 3. d4 c6 4. Nf3 Nf6 5. Bg5 Nbd7 6. Qc2 Be7 7. cxd5 exd5 8.
e3 O-O 9. Bd3 Re8 10. O-O Nf8 11. Ne5 Ng4 12. Bxe7 Qxe7 13. Nxg4 Bxg4 14. Rab1
Qg5 15. Ne2 Bxe2 16. Qxe2 Ng6 17. b4 Nf4 18. exf4 Qxf4 19. Qf3 Qxd4 20. Rfd1
Qf6 21. Qxf6 gxf6 22. Bf5 Re2 23. Rb3 Rae8 24. Kf1 Rxa2 25. Rg3+ Kf8 26. Bxh7
Ree2 27. Rg8+ Ke7 28. Re1 Rxe1+ 29. Kxe1 Rb2 30. Rg4 b6 31. h4 a5 32. bxa5 bxa5
33. h5 Ra2 34. Rh4 Kf8 35. h6 Ra1+ 36. Kd2 a4 37. Bc2 Kg8 38. h7+ Kh8 39. Rg4
1-0

[Event "Veletrzni turnaj 2020"]
[Site "Brno"]
[Date "2020.08.29"]
[Round "8.12"]
[White "Neduchal, Jiri"]
[Black "Vaculik, Martin"]
[Result "0-1"]
[WhiteElo "1749"]
[BlackElo "1795"]
[PlyCount "80"]
[EventDate "2020.08.23"]

1. d4 Nf6 2. Nf3 g6 3. e3 Bg7 4. Bd3 O-O 5. O-O d6 6. Nbd2 Nbd7 7. e4 e5 8.
dxe5 dxe5 9. Nc4 Re8 10. b4 Nh5 11. Rb1 Nb6 12. Nxb6 axb6 13. Bc4 Qxd1 14. Rxd1
Bg4 15. Be3 Nf4 16. Rd2 Red8 17. Rbd1 Rxd2 18. Rxd2 Be6 19. Bxe6 Nxe6 20. c4
Ra4 21. Rb2 Nd4 22. Kf1 f5 23. exf5 Nxf3 24. gxf3 gxf5 25. Rc2 Rxb4 26. Bg5 c6
27. Be7 Rb1+ 28. Kg2 Kf7 29. Bd8 b5 30. c5 Rd1 31. Bb6 Ke6 32. Rc3 e4 33. Ra3
Rd3 34. Ra7 Rxf3 35. Rxb7 Bd4 36. Rxh7 Rxf2+ 37. Kh3 Rxa2 38. Rh6+ Kd5 39. Rd6+
Kc4 40. Rxc6 b4 0-1

[Event "Veletrzni turnaj 2020"]
[Site "Brno"]
[Date "2020.08.29"]
[Round "8.13"]
[White "Marcik, Filip"]
[Black "Hradek, Matyas"]
[Result "0-1"]
[WhiteElo "1264"]
[BlackElo "1578"]
[PlyCount "74"]
[EventDate "2020.08.23"]

1. d4 Nf6 2. Nf3 d5 3. c4 e6 4. Nc3 c6 5. Bg5 Nbd7 6. e3 Qa5 7. a3 Ne4 8. b4
Bxb4 9. axb4 Qxb4 10. Rc1 Nxc3 11. Qd2 Na2 12. Rc2 Qxd2+ 13. Kxd2 Nb4 14. Rb2
a5 15. Be2 dxc4 16. Bxc4 Nd5 17. Rhb1 N7f6 18. Bxf6 Nxf6 19. Ne5 Nd7 20. Nxd7
Kxd7 21. Rb6 Kc7 22. Kc3 Ra7 23. f4 f5 24. h4 Rf8 25. Be2 g6 26. Kc4 a4 27.
R6b4 b5+ 28. Kc5 Rd8 29. Bf3 Bb7 30. Ra1 h5 31. Ra3 Raa8 32. Rb2 Rd6 33. Rb1
Rad8 34. Rc1 Ra8 35. Kb4 Kb6 36. Rc5 Rad8 37. Ra1 Rxd4+ 0-1

[Event "Veletrzni turnaj 2020"]
[Site "Brno"]
[Date "2020.08.29"]
[Round "8.14"]
[White "Zuziak, Petr"]
[Black "Kucera, David"]
[Result "1/2-1/2"]
[WhiteElo "1861"]
[BlackElo "1388"]
[PlyCount "78"]
[EventDate "2020.08.23"]

1. d4 f5 2. Nf3 Nf6 3. c4 g6 4. Nc3 Bg7 5. Bg5 O-O 6. Qd2 d6 7. Bh6 Qe8 8. Bxg7
Kxg7 9. e3 e5 10. O-O-O e4 11. Ne1 c6 12. d5 c5 13. f3 a6 14. Rg1 Bd7 15. h3 b5
16. g4 b4 17. g5 Nh5 18. Ne2 Qe7 19. fxe4 fxe4 20. Nf4 Nxf4 21. exf4 e3 22. Qh2
Qe4 23. Bd3 Qxf4 24. Qxf4 Rxf4 25. Rg3 a5 26. Rxe3 Na6 27. Ng2 Rf7 28. Rde1
Raf8 29. h4 Nc7 30. Re7 Rxe7 31. Rxe7+ Rf7 32. Rxf7+ Kxf7 33. Nf4 Bg4 34. Bc2
Na8 35. a3 Nb6 36. axb4 axb4 37. Bd3 Nd7 38. Kd2 Ne5 39. Ke3 Nxd3 1/2-1/2

[Event "Veletrzni turnaj 2020"]
[Site "Brno"]
[Date "2020.08.29"]
[Round "8.15"]
[White "Dvorakova, Olga"]
[Black "Lazniewska, Zofia"]
[Result "1-0"]
[WhiteElo "1758"]
[BlackElo "1217"]
[PlyCount "119"]
[EventDate "2020.08.23"]

1. d4 d5 2. Nf3 Nf6 3. Bg5 e6 4. e3 Be7 5. Nbd2 c6 6. Bd3 O-O 7. O-O Nbd7 8. c3
h6 9. Bh4 Nh5 10. Bxe7 Qxe7 11. Ne5 Nhf6 12. f4 c5 13. Qe1 Qd8 14. Qh4 Nxe5 15.
fxe5 Nd7 16. Qh3 Qe7 17. Rf4 c4 18. Bc2 f6 19. Rg4 fxe5 20. dxe5 Nxe5 21. Qxh6
Nd3 22. Qg6 e5 23. Rg5 Rf6 24. Qh5 Qc5 25. Nf1 Be6 26. Bxd3 cxd3 27. Rxe5 Rh6
28. Qg5 Bf7 29. Qe7 Qb6 30. Rf5 Be6 31. Rg5 Bf7 32. Rf5 Be6 33. Rf2 Rc8 34. Rd1
Qb5 35. a3 Re8 36. Qb4 Qa6 37. Qd4 Qd6 38. Rxd3 a6 39. c4 Rd8 40. Qf4 Qe7 41.
cxd5 Bxd5 42. Rfd2 Rhd6 43. e4 Rf6 44. Qe3 Rdf8 45. Ng3 Bc4 46. Nf5 Qf7 47. Rd7
Rxf5 48. exf5 Qxf5 49. h3 Qb1+ 50. Kh2 Qg6 51. Rxb7 Re8 52. Qg3 Qf6 53. Rdd7
Bf7 54. Rxf7 Qxf7 55. Rxf7 Kxf7 56. Qf4+ Kg8 57. Qc4+ Kh8 58. Qxa6 Kg8 59. b4
Kf8 60. b5 1-0

[Event "Veletrzni turnaj 2020"]
[Site "Brno"]
[Date "2020.08.29"]
[Round "8.16"]
[White "Nekvasil, Radek"]
[Black "Soucek, Andrej"]
[Result "1-0"]
[WhiteElo "1735"]
[BlackElo "1098"]
[PlyCount "71"]
[EventDate "2020.08.23"]

1. Nf3 Nf6 2. c4 g6 3. Nc3 Bg7 4. e4 d6 5. d4 Nbd7 6. Bf4 Nh5 7. Bg3 Nxg3 8.
hxg3 e5 9. d5 O-O 10. Qd2 Nb6 11. Be2 f5 12. Ng5 h6 13. Nh3 g5 14. f3 Qf6 15.
Nf2 Bd7 16. b3 a5 17. a4 f4 18. g4 Nc8 19. Nb5 Bxb5 20. axb5 b6 21. b4 Ne7 22.
bxa5 Ng6 23. Nd3 Nh4 24. Kf2 Qg6 25. axb6 cxb6 26. Nb4 h5 27. Nc6 Qf7 28. gxh5
Qxh5 29. Ra6 Rxa6 30. bxa6 Ra8 31. a7 Qf7 32. Qb4 Qc7 33. Rb1 Kh7 34. Qxb6 Qc8
35. Qb7 Qe8 36. Nb8 1-0

[Event "Veletrzni turnaj 2020"]
[Site "Brno"]
[Date "2020.08.29"]
[Round "8.18"]
[White "Prokop, Jiri"]
[Black "Blazek, Pavel"]
[Result "0-1"]
[WhiteElo "1680"]
[BlackElo "1740"]
[PlyCount "114"]
[EventDate "2020.08.23"]

1. f4 b6 2. Nf3 e6 3. d4 Nf6 4. c3 c5 5. e3 Ba6 6. Bxa6 Nxa6 7. O-O Be7 8. Nbd2
O-O 9. Ne5 Nd5 10. Ndf3 f6 11. Ng4 f5 12. Nge5 Nb8 13. Qe2 d6 14. Nd3 Nf6 15.
Nf2 Ne4 16. Bd2 Nd7 17. Rad1 Rc8 18. Be1 c4 19. Nd2 d5 20. Nfxe4 fxe4 21. Qg4
Rc6 22. Qh3 b5 23. a3 a5 24. Nb1 Qe8 25. g4 Rf6 26. g5 Rf5 27. Qg4 Qg6 28. h3
e5 29. dxe5 Nxe5 30. Qe2 Nf3+ 31. Kh1 Qh5 32. Qg2 Nh2 33. Kxh2 Qxd1 34. Qg4
Qxg4 35. hxg4 Rf8 36. Kg2 h6 37. gxh6 Rxh6 38. Bg3 b4 39. axb4 axb4 40. Rd1 Rd8
41. f5 Ra6 42. cxb4 Bxb4 43. Nc3 Bxc3 44. bxc3 Ra2+ 45. Kh3 Rc2 46. Be5 Re2 47.
Bd4 Kf7 48. Kg3 g5 49. fxg6+ Kxg6 50. Rf1 Rd6 51. Rf8 Rd7 52. Rf6+ Kh7 53. Rf5
Kg8 54. Kf4 Rf2+ 55. Ke5 Rxf5+ 56. Kxf5 Kf7 57. Bc5 Rd8 0-1